| 000 | 01324nam a2200265 4500 | ||
|---|---|---|---|
| 001 | 39332 | ||
| 003 | BD-RjUL | ||
| 005 | 20211209052952.0 | ||
| 008 | 160407s2014 bg ||||e |||| 00| 0 ben d | ||
| 020 |
_a9847000002129 _c: TK 350.00 |
||
| 035 | _a(BD-RjUL) | ||
| 040 |
_aBD-RjUL _bben _cBD-RjUL |
||
| 041 | _aben | ||
| 082 |
_223 _a891.443 _bHAJ 2014 |
||
| 100 |
_aহক, মাহমুদুল _9121234 |
||
| 245 | 1 | 0 |
_aজীবন আমার বোন : _bমূল্যায়ন ও বিশ্লেষণ / _c মাহমুদুল হক; মোহাম্মদ শাকেরউল্লাহ সম্পাদনা |
| 260 |
_aঢাকা : _bজাতীয় সাহিত্য প্রকাশ, _c২০১৪ |
||
| 300 |
_a২২৩ পৃ. ; _c২২ সেমি. |
||
| 500 | _aমাহামুদুল হকের মুক্তিযুদ্ধভিক্তিক উপন্যাস [ঊষালোকে-পত্রিকায় প্রকাশিত রচনা-সংকলন] | ||
| 504 | _aগ্রন্থপঞ্জি সম্বলিত | ||
| 650 |
_aবাংলা উপন্যাস _9121235 |
||
| 650 |
_aBengali Fiction _9121236 |
||
| 700 |
_a শাকেরউল্লাহ, মোহাম্মদ _9121237 |
||
| 942 |
_2ddc _cBK _01 |
||
| 999 |
_c39332 _d39332 |
||